000 00718nam a2200265Ia 4500
003 OSt
005 20221006153318.0
006 a|||||r|||| 00| 0
007 ta
008 221006b |||||||| |||| 00| 0 kor d
020 _a9788970126555
_cW 6,000
024 _a31,961
037 _bGift, Korean Embassy
_cTextual
040 _aEASL
_cEASL
_bkor
041 _2kor
_akor
082 _aO495,1N65, P4
100 _aPARK Jeong-Dae Tr.
_9663408
245 0 _aAmar Gita
260 _aSeoul
_bMunhak Sasangsa Korea
_c2004
300 _a181p.
_ccm.
490 _v KL
650 _aKL
942 _hO495,1N65, P4
_cTEXL
_2CC
999 _c1100047
_d1100047